Sports Quiz

Random Sports or WWE Quiz

Complete the Card: Money In The Bank 2016 Quiz Stats

 Plays Quiz not verified by Sporcle

Challenge
Share
Tweet
Embed
Score 0/38 Timer 04:00
0 Plays Today
Match Type Wrestler % Correct
Match 6 - Money in the Bank Ladder Match for a WWE World Heavyweight Championship Match ContractDean Ambrose
95.3%
Match 9 - Singles Match for the WWE World Heavyweight ChampionshipDean Ambrose
95.3%
Match 8 - Singles Match for the WWE World Heavyweight ChampionshipSeth Rollins
93.7%
Match 9 - Singles Match for the WWE World Heavyweight ChampionshipSeth Rollins
93.7%
Match 1 - Fatal 4-Way Tag Team Match for the WWE Tag Team ChampionshipKofi Kingston
92.9%
Match 1 - Fatal 4-Way Tag Team Match for the WWE Tag Team ChampionshipBig E
92.9%
Match 8 - Singles Match for the WWE World Heavyweight ChampionshipRoman Reigns
92.9%
Match 6 - Money in the Bank Ladder Match for a WWE World Heavyweight Championship Match ContractKevin Owens
91.6%
Match 7 - Singles Match for the WWE United States ChampionshipRusev
90.6%
Match 6 - Money in the Bank Ladder Match for a WWE World Heavyweight Championship Match ContractCesaro
88.2%
Match 6 - Money in the Bank Ladder Match for a WWE World Heavyweight Championship Match ContractSami Zayn
88.2%
Match 1 - Fatal 4-Way Tag Team Match for the WWE Tag Team ChampionshipLuke Gallows
87.7%
Match 1 - Fatal 4-Way Tag Team Match for the WWE Tag Team ChampionshipKarl Anderson
87.1%
Match 6 - Money in the Bank Ladder Match for a WWE World Heavyweight Championship Match ContractChris Jericho
85.6%
Match 1 - Fatal 4-Way Tag Team Match for the WWE Tag Team ChampionshipBig Cass
85.6%
Match 1 - Fatal 4-Way Tag Team Match for the WWE Tag Team ChampionshipEnzo Amore
85.6%
Match 1 - Fatal 4-Way Tag Team Match for the WWE Tag Team ChampionshipSimon Gotch
84.3%
Match 1 - Fatal 4-Way Tag Team Match for the WWE Tag Team ChampionshipAiden English
84.3%
Match 6 - Money in the Bank Ladder Match for a WWE World Heavyweight Championship Match ContractAlberto Del Rio
83.5%
Match Type Wrestler % Correct
Match 5 - Singles MatchJohn Cena
83.5%
Match 5 - Singles MatchAJ Styles
80.8%
Pre-Show Match 2 - Tag Team MatchKalisto
79.5%
Match 3 - Tag Team MatchCharlotte
78.5%
Match 2 - Singles MatchDolph Ziggler
78.5%
Match 3 - Tag Team MatchBecky Lynch
78%
Pre-Show Match 2 - Tag Team MatchSin Cara
77.7%
Pre-Show Match 1 - Tag Team MatchFandango
75.1%
Pre-Show Match 1 - Tag Team MatchTyler Breeze
74.8%
Match 3 - Tag Team MatchNatalya
74.5%
Match 4 - Singles MatchSheamus
74%
Match 3 - Tag Team MatchDana Brooke
73.5%
Match 2 - Singles MatchBaron Corbin
73.5%
Pre-Show Match 2 - Tag Team MatchBubba Ray Dudley
73%
Match 7 - Singles Match for the WWE United States ChampionshipTitus O'Neil
73%
Pre-Show Match 2 - Tag Team MatchD-Von Dudley
72.7%
Pre-Show Match 1 - Tag Team MatchR-Truth
72.4%
Pre-Show Match 1 - Tag Team MatchGoldust
71.7%
Match 4 - Singles MatchApollo Crews
59.3%

You're not logged in!

Compare scores with friends on all Sporcle quizzes.
OR
Log In

You Might Also Like...

Show Comments

Extras

Top Quizzes Today


Score Distribution

Your Account Isn't Verified!

In order to create a playlist on Sporcle, you need to verify the email address you used during registration. Go to your Sporcle Settings to finish the process.

Report this User

Report this user for behavior that violates our Community Guidelines.

Details: